Представление документа в формате RUSMARC

ПолеНазваниеЗначение
  Тип записи a
  Библиографический уровень m
001 Контрольный номер e097113b2b0642aba6a281a1356c259d
005 Дата корректировки 20201109133647.6
010 Индекс ISBN __
a ISBN 978-5-4461-1043-8
d Цена 1000,00
101 Язык документа 0_
a Язык текста rus
102 Страна публикации __
a Страна публикации RU
200 Заглавие и сведения об ответственности 1_
a Заглавие Экономика
b Общее обозначение материала Текст
e Сведения, относящиеся к заглавию учебник для академического бакалавриата
f Первые сведения об ответственности Гребенников П. И.
210 Выходные данные 1_
a Место издания СПб
c Издательство Питер
d Дата издания 2019
215 Физическое описание __
a Объем 384 с.
c Иллюстрации/тип воспроизводства ил.
225 Серия 2_
a Серия Учебник для вузов
610 Ключевые слова 0_
a Ключевые слова экономика
a Ключевые слова микроэкономика
a Ключевые слова макроэкономика
a Ключевые слова ценообразование
686 Индексы других классификаций __
a Классификационный индекс 65.01
700 Автор _1
a Фамилия Гребенников П. И.
801 Источник записи _0
a Страна RU
b Организация РУК
g Правила каталогизации PSBO
801 Источник записи _1
a Страна RU
b Организация РУК
g Правила каталогизации PSBO
852 Данные о местонахождении __
i Авторский знак Г 79
j Шифр хранения 65.01
901 Тип документа __
t Тип документа m
937 Технологическая информация __
a Создатель записи (имя) Носкова
938 Служебная информация __
a Название организации Саранский филиал
952 Тип литературы __
b Гриф литературы для ВШ гриф
c Вид литературы учебник